[Event "3rd HoliCup Lake City 2019"]
[Site "Udaipur"]
[Date "2019.03.31"]
[Round "8.1"]
[White "Matta, Vinay Kumar"]
[Black "Manigandan, S S"]
[Result "1/2-1/2"]
[WhiteElo "2146"]
[BlackElo "2157"]
[Annotator "NA"]
[PlyCount "33"]
[EventDate "2019.??.??"]
[EventCountry "IND"]
[SourceTitle "playchess.com"]
[Source "ChessBase"]
[SourceQuality "1"]
[TimeControl "5400+30"]

1. e4 {[%emt 0:05:03]} e6 {[%emt 0:00:00]} 2. d4 {[%emt 0:00:42]} d5 {[%emt 0:00:00]} 3. Nc3 Bb4 {[%emt 0:00:00]} 4. e5 {[%emt 0:00:12]} c5 {[%emt 0:00:00]} 5. a3 {[%emt 0:00:05]} Bxc3+ {[%emt 0:00:00]} 6. bxc3 {[%emt 0:00:03]} Ne7 {[%emt 0:00:03]} 7. Qg4 {[%emt 0:00:16]} cxd4 {[%emt 0:00:41]} 8. Bd3 {[%emt 0:01:18]} Qa5 {[%emt 0:08:36]} 9. Ne2 {[%emt 0:00:30]} Nd7 $14 {[%emt 0:12:09]} (9... O-O $11) 10. O-O {[%emt 0:01:48]} dxc3 {[%emt 0:08:40]} 11. Qxg7 {[%emt 0:01:10]} Rg8 {[%emt 0:00:05]} 12. Qxh7 {[%emt 0:00:08]} Nxe5 {[%emt 0:00:16]} 13. Bf4 {[%emt 0:01:24]} d4 {[%emt 0:06:08]} 14. Nxd4 {[%emt 0:04:22]} Qd5 {[%emt 0:02:05]} 15. Qe4 {[%emt 0:02:29]} Nxd3 {[%emt 0:00:55]} 16. cxd3 {[%emt 0:00:11]} Bd7 {[%emt 0:04:28]} 17. Rac1 1/2-1/2

[Event "3rd HoliCup Lake City 2019"]
[Site "Udaipur"]
[Date "2019.03.31"]
[Round "8.2"]
[White "Muthaiah, Al"]
[Black "Das, Sayantan"]
[Result "1/2-1/2"]
[WhiteElo "2426"]
[BlackElo "2435"]
[Annotator "TA"]
[PlyCount "114"]
[EventDate "2019.??.??"]
[EventCountry "IND"]
[SourceTitle "playchess.com"]
[Source "ChessBase"]
[SourceQuality "1"]

{[%evp 10,114,0,0,0,0,0,0,0,0,0,1,6,0,2,3,11,0,0,-9,-4,-14,-15,-50,-37,-119,-58,-64,-93,-65,-43,-58,-22,-66,-36,-34,-38,-29,-27,-46,-47,-49,-45,-35,-39,-68,-56,-86,-85,-102,-105,-123,-83,-126,-128,-120,-125,-125,-105,-111,-112,-112,-101,-106,-117,-132,-132,-132,-132,-132,-132,-132,-132,-132,-8,-132,-132,-132,-132,-132,-132,-132,-132,-132,-132,-132,-132,-132,-132,-132,-132,-132,-8,-8,-7,-8,0,0,0,0,0,0,0,0,0,0,0]} 1. Nf3 d5 2. d4 Nf6 3. Bf4 c5 4. e3 Nc6 5. c3 Qb6 6. Qc2 g6 {D02: 1 d4 d5 2 Nf3 sidelines, including 2...Nf6 3 g3 and 2...Nf6 3 Bf4} 7. Nbd2 Bg7 8. h3 O-O 9. Be2 (9. Bd3 Nd7 10. O-O e5 11. dxe5 Ndxe5 12. Nxe5 Nxe5 13. Bxe5 Bxe5 14. e4 dxe4 15. Bxe4 {½-½ (27) Prusikin,M (2510)-Wojtaszek,R (2749) Germany 2018}) 9... Nd7 10. O-O e5 11. dxe5 Ndxe5 12. Qb3 Be6 13. Rfd1 $146 (13. Ng5 {with more complications.} c4 14. Qxb6 axb6 15. Ndf3 h6 16. Bxe5 Nxe5 17. Nxe5 Bxe5 18. Nf3) ({Predecessor:} 13. Ng5 Bf5 14. e4 dxe4 15. Ngxe4 Qxb3 16. axb3 {½-½ (47) Shpanko,N (2262)-Buksa,N (2410) Kiev 2018}) 13... Nxf3+ 14. Bxf3 d4 $36 {[%mdl 2048] Black has some pressure.} 15. Qxb6 (15. Qa3 {is more complex.} Ne5 16. Be4 Rfd8 17. Rab1 Rd7 18. Nb3) 15... axb6 16. exd4 cxd4 17. Bxc6 (17. Ne4 $15) 17... bxc6 (17... dxc3 $17 18. bxc3 (18. Bxb7 cxb2 19. Rab1 Ra7 $17) 18... bxc6) 18. cxd4 $15 Bxd4 19. Nc4 Rfd8 20. Be5 Bc5 21. b4 Bxb4 22. Nxb6 Rxd1+ 23. Rxd1 Re8 ({Not} 23... Rxa2 $2 24. Rd8+ Bf8 25. Bd6 $18) 24. Bb2 Bxa2 25. Nd7 Re1+ 26. Rxe1 Bxe1 {[%mdl 4096] Endgame KBB-KBN} 27. Kf1 Bb4 28. Ke2 h5 29. Bd4 Be6 30. Nc5 Bd5 31. g3 Kf8 32. Ke3 Ke7 33. Nd3 Ba3 34. Bc5+ Bxc5+ 35. Nxc5 $17 {KB-KN} Kf6 36. h4 Kf5 37. f4 Bh1 38. Nd3 Be4 {[#] aiming for ...Bxd3.} 39. Nc5 Bc2 40. Nb7 Kg4 41. Kf2 Bf5 ({Black should try} 41... Be4 $17 42. Nc5 Bf3) 42. Nc5 (42. Nd8 $11) 42... Be6 43. Nd3 Bd5 44. Nc5 f6 45. Nd7 Kf5 46. Nc5 Ba2 47. Ke3 Bb1 48. Kf2 g5 {...gxh4 is the strong threat.} 49. fxg5 fxg5 50. hxg5 Ke5 (50... Kxg5 $17 51. Ke3 Kg4) 51. Ke3 $11 {The position is equal.} Kd5 52. Nd7 c5 53. Nf6+ Ke5 54. Nxh5 Kf5 55. Nf4 Kxg5 56. Ne6+ Kg4 57. Nxc5 Kxg3 {Accuracy: White = 50%, Black = 61%.} 1/2-1/2

[Event "3rd HoliCup Lake City 2019"]
[Site "Udaipur"]
[Date "2019.03.31"]
[Round "8.3"]
[White "Palit, Somak"]
[Black "Ayush, Jha"]
[Result "1-0"]
[WhiteElo "2330"]
[BlackElo "1861"]
[Annotator "NA"]
[PlyCount "46"]
[EventDate "2019.??.??"]
[EventCountry "IND"]
[SourceTitle "playchess.com"]
[Source "ChessBase"]
[SourceQuality "1"]
[TimeControl "5400+30"]

1. e4 {[%emt 0:00:00]} c5 {[%emt 0:00:00]} 2. Nf3 {[%emt 0:01:13]} e6 {[%emt 0:00:00]} 3. d3 {[%emt 0:03:48]} Nc6 {[%emt 0:00:09]} 4. g3 {[%emt 0:00:34]} Nf6 {[%emt 0:01:10]} 5. Bg2 {[%emt 0:00:20]} d5 {[%emt 0:00:39]} 6. Nbd2 {[%emt 0:00:39]} Be7 {[%emt 0:00:38]} 7. O-O {[%emt 0:00:57]} O-O {[%emt 0:00:08]} 8. Re1 {[%emt 0:01:42]} b6 {[%emt 0:06:10]} 9. e5 {[%emt 0:03:26]} Ne8 {[%emt 0:03:06]} 10. Nf1 {[%emt 0:01:14]} Bb7 {[%emt 0:00:54]} 11. c3 {[%emt 0:03:30] C00: French: Unusual White 2nd moves} Nc7 {[%emt 0:03:13]} 12. h4 {[%emt 0:02:03]} b5 $146 {[%emt 0:04:00]} ({Predecessor:} 12... f6 13. exf6 Bxf6 14. d4 cxd4 15. cxd4 Nb5 {½-½ (27) Netzer,J (2402)-Kazakov,M (2517) Saint-Quentin 2014}) 13. N1h2 {[%emt 0:07:22]} b4 {[%emt 0:06:48]} 14. Ng5 {[%emt 0:07:55]} h6 {[%emt 0:07:55]} 15. Nh3 {[%emt 0:06:34]} Re8 {[%emt 0:02:31]} 16. Qg4 {[%emt 0:07:34]} Kh7 {[%emt 0:03:42]} 17. Qh5 {[%emt 0:02:27]} Kg8 {[%emt 0:02:19]} 18. Ng4 {[%emt 0:05:40]} bxc3 {[%emt 0:02:53]} 19. bxc3 {[%emt 0:01:56]} Nb5 {[%emt 0:01:21]} 20. Nxh6+ {[%emt 0:09:01]} gxh6 {[%emt 0:00:13]} 21. Bxh6 {[%emt 0:00:21]} Bf8 {[%emt 0:02:14]} 22. Ng5 $18 {[%emt 0:02:12]} Qc7 {[%emt 0:01:38]} 23. Nh7 {[%emt 0:02:13]} Bc8 1-0

[Event "3rd HoliCup Lake City 2019"]
[Site "Udaipur"]
[Date "2019.03.31"]
[Round "8.4"]
[White "Lokesh, N.."]
[Black "Chudasama, Ankit"]
[Result "1-0"]
[WhiteElo "2157"]
[BlackElo "1853"]
[Annotator "NA"]
[PlyCount "41"]
[EventDate "2019.??.??"]
[EventCountry "IND"]
[SourceTitle "playchess.com"]
[Source "ChessBase"]
[SourceQuality "1"]
[TimeControl "5400+30"]

1. e4 {[%emt 0:00:00]} c5 {[%emt 0:00:00]} 2. Nc3 {[%emt 0:00:03]} d6 {[%emt 0:00:00]} 3. f4 {[%emt 0:00:20]} g6 {[%emt 0:00:48]} 4. Bc4 {[%emt 0:00:06]} Bg7 {[%emt 0:00:12]} 5. Nf3 {[%emt 0:00:08]} Nc6 {[%emt 0:00:16]} 6. O-O {[%emt 0:00:19]} e6 {[%emt 0:00:28]} 7. d3 {[%emt 0:00:57]} Nge7 {[%emt 0:01:41]} 8. Qe1 {[%emt 0:00:13]} O-O {[%emt 0:01:14]} 9. f5 {[%emt 0:00:52]} d5 {[%emt 0:05:18]} 10. Bb3 {[%emt 0:00:05]} gxf5 $14 {[%emt 0:11:12]} ({Black should try} 10... dxe4 $15 11. dxe4 exf5) 11. exd5 {[%emt 0:02:50]} Nxd5 {[%emt 0:04:17]} 12. Bxd5 {[%emt 0:08:04]} exd5 {[%emt 0:01:40]} 13. Qg3 {[%emt 0:00:57]} Be6 {[%emt 0:06:44]} 14. Bh6 {[%emt 0:08:00]} Qf6 {[%emt 0:00:50]} 15. Bg5 {[%emt 0:00:10]} Qg6 {[%emt 0:01:27]} 16. Nh4 {[%emt 0:00:19]} Qh5 {[%emt 0:02:15]} 17. Nxf5 {[%emt 0:02:34]} Bxf5 {[%emt 0:01:36]} 18. Rxf5 {[%emt 0:00:40]} h6 {[%emt 0:05:12]} 19. Nxd5 {[%emt 0:07:52]} hxg5 {[%emt 0:06:53]} 20. Rxg5 {[%emt 0:00:27]} Qh6 {[%emt 0:00:18]} 21. Rxg7+ {[%emt 0:00:18] Qh5} 1-0

[Event "3rd HoliCup Lake City 2019"]
[Site "Udaipur"]
[Date "2019.03.31"]
[Round "8.5"]
[White "Awadh, Chaitanya"]
[Black "Chandan, Mandal"]
[Result "1/2-1/2"]
[WhiteElo "1882"]
[BlackElo "1799"]
[Annotator "NA"]
[PlyCount "50"]
[EventDate "2019.??.??"]
[EventCountry "IND"]
[SourceTitle "playchess.com"]
[Source "ChessBase"]
[SourceQuality "1"]
[TimeControl "5400+30"]

1. e4 {[%emt 0:00:00]} e6 {[%emt 0:00:00]} 2. d4 {[%emt 0:00:03]} d5 {[%emt 0:00:00]} 3. Nc3 {[%emt 0:00:11]} Nf6 {[%emt 0:00:10]} 4. Bg5 {[%emt 0:04:48]} Bb4 {[%emt 0:00:16]} 5. e5 {[%emt 0:02:10]} h6 {[%emt 0:00:31]} 6. Bd2 {[%emt 0:01:01]} Bxc3 {[%emt 0:00:15]} 7. bxc3 {[%emt 0:00:08]} Ne4 {[%emt 0:00:22]} 8. Bd3 {[%emt 0:00:57]} Nxd2 {[%emt 0:00:47]} 9. Qxd2 {[%emt 0:00:20]} c5 {[%emt 0:00:45]} 10. f4 {[%emt 0:04:45]} Nc6 $11 {[%emt 0:02:13]} 11. Nf3 {[%emt 0:01:29]} Qa5 {[%emt 0:01:37]} 12. a4 {[%emt 0:05:40]} cxd4 {[%emt 0:08:53]} 13. cxd4 {[%emt 0:01:22]} Bd7 {[%emt 0:00:45]} 14. c3 {[%emt 0:02:55]} Rc8 {[%emt 0:04:10]} 15. O-O {[%emt 0:05:09]} Qc7 {[%emt 0:07:02]} 16. Ra3 {[%emt 0:15:06]} Na5 {[%emt 0:00:57]} 17. Qe2 {[%emt 0:01:46]} Nc4 {[%emt 0:01:35]} 18. Raa1 {[%emt 0:03:09]} Qa5 {[%emt 0:01:08]} 19. Rab1 {[%emt 0:09:18]} Nb6 {[%emt 0:09:16]} 20. f5 {[%emt 0:01:26]} Qxc3 {[%emt 0:08:16]} 21. Bb5 {[%emt 0:06:25]} Bxb5 {[%emt 0:05:47]} 22. Qxb5+ {[%emt 0:01:21]} Qc6 {[%emt 0:03:12]} 23. fxe6 {[%emt 0:00:34]} fxe6 {[%emt 0:00:25]} 24. a5 {[%emt 0:01:26]} Nc4 {[%emt 0:14:37]} 25. Qxb7 {[%emt 0:01:17]} O-O {[%emt 0:01:22]} 1/2-1/2

[Event "3rd HoliCup Lake City 2019"]
[Site "Udaipur"]
[Date "2019.03.31"]
[Round "8.6"]
[White "Dhiraj, Patil"]
[Black "Shubham"]
[Result "0-1"]
[WhiteElo "1425"]
[BlackElo "1880"]
[Annotator "NA"]
[PlyCount "100"]
[EventDate "2019.??.??"]
[EventCountry "IND"]
[SourceTitle "playchess.com"]
[Source "ChessBase"]
[SourceQuality "1"]
[TimeControl "5400+30"]

1. d4 {[%emt 0:00:00]} d6 {[%emt 0:00:00]} 2. Nf3 {[%emt 0:00:00]} g6 {[%emt 0:00:00]} 3. g3 {[%emt 0:00:06]} Bg7 {[%emt 0:00:00]} 4. Bg2 {[%emt 0:00:05]} Nf6 {[%emt 0:01:06]} 5. O-O {[%emt 0:00:10]} O-O {[%emt 0:00:19]} 6. c4 {[%emt 0:02:03]} c6 {[%emt 0:01:03]} 7. Nc3 {[%emt 0:00:31]} Qa5 {[%emt 0:01:41]} 8. e4 {[%emt 0:02:28]} Qh5 {[%emt 0:06:52]} 9. Ng5 {[%emt 0:15:03]} Qxd1 {[%emt 0:02:38]} 10. Rxd1 {[%emt 0:00:10]} h6 {[%emt 0:02:42]} 11. Nf3 {[%emt 0:01:24]} Bg4 {[%emt 0:00:18]} 12. h3 {[%emt 0:00:26]} Bxf3 {[%emt 0:00:10]} 13. Bxf3 {[%emt 0:00:06]} Nfd7 {[%emt 0:01:03]} 14. Be3 {[%emt 0:00:42]} Na6 {[%emt 0:00:16]} 15. a3 {[%emt 0:00:24]} Rab8 {[%emt 0:03:33]} 16. Rac1 {[%emt 0:02:54]} c5 {[%emt 0:01:58]} 17. d5 {[%emt 0:00:17]} Nc7 {[%emt 0:00:39]} 18. Be2 {[%emt 0:04:36]} a6 {[%emt 0:06:24]} 19. a4 {[%emt 0:01:27]} b6 {[%emt 0:00:42]} 20. f4 {[%emt 0:01:07]} Rb7 {[%emt 0:01:46]} 21. Bg4 {[%emt 0:00:25]} Rd8 {[%emt 0:01:17]} 22. Bxd7 {[%emt 0:00:32]} Rxd7 {[%emt 0:00:02]} 23. Ra1 {[%emt 0:04:35]} Rd8 {[%emt 0:01:03]} 24. Ra3 {[%emt 0:00:26]} Rdb8 {[%emt 0:00:19]} 25. Ra2 {[%emt 0:07:24]} b5 {[%emt 0:01:20]} 26. cxb5 {[%emt 0:00:19]} axb5 {[%emt 0:00:02]} 27. axb5 {[%emt 0:03:00]} Nxb5 {[%emt 0:00:14]} 28. Na4 {[%emt 0:02:26]} Bd4 {[%emt 0:03:05]} 29. Kf2 {[%emt 0:02:47]} Ra7 {[%emt 0:04:29]} 30. Rd2 {[%emt 0:09:39]} Rba8 {[%emt 0:01:01]} 31. b3 {[%emt 0:00:35]} Bxe3+ {[%emt 0:00:41]} 32. Kxe3 {[%emt 0:00:11]} Nd4 {[%emt 0:00:04]} 33. Rxd4 {[%emt 0:04:24]} cxd4+ {[%emt 0:00:26]} 34. Kxd4 {[%emt 0:00:06]} Rb8 {[%emt 0:00:39]} 35. Kc3 {[%emt 0:00:22]} Rc7+ {[%emt 0:00:24]} 36. Kb2 {[%emt 0:02:18]} Rb4 {[%emt 0:00:40]} 37. Nc3 {[%emt 0:00:48]} Rd4 {[%emt 0:00:08]} 38. Kc2 {[%emt 0:02:16]} Rxe4 {[%emt 0:00:17]} 39. Kd3 {[%emt 0:01:36]} Rb4 {[%emt 0:01:00]} 40. Ra3 {[%emt 0:00:17]} Rcb7 {[%emt 0:00:10]} 41. Kc2 {[%emt 0:00:09]} g5 {[%emt 0:02:23]} 42. fxg5 {[%emt 0:00:28]} hxg5 {[%emt 0:00:02]} 43. Ra4 {[%emt 0:00:51]} Rxb3 {[%emt 0:00:18]} 44. Rg4 {[%emt 0:00:42]} f6 {[%emt 0:00:17]} 45. h4 {[%emt 0:00:06]} Ra3 {[%emt 0:00:44]} 46. hxg5 {[%emt 0:00:20]} Rc7 {[%emt 0:00:14]} 47. gxf6+ {[%emt 0:00:20]} Kf7 {[%emt 0:00:04]} 48. fxe7 {[%emt 0:00:51]} Rcxc3+ {[%emt 0:00:18]} 49. Kd2 {[%emt 0:00:36]} Kxe7 {[%emt 0:00:03]} 50. Re4+ {[%emt 0:00:17]} Kd7 {[%emt 0:00:08]} 0-1

[Event "3rd HoliCup Lake City 2019"]
[Site "Udaipur"]
[Date "2019.03.31"]
[Round "8.7"]
[White "Anchit, Vyas"]
[Black "Harikrishnan.A.Ra"]
[Result "0-1"]
[WhiteElo "1890"]
[BlackElo "2413"]
[Annotator "TA"]
[PlyCount "57"]
[EventDate "2019.??.??"]
[EventCountry "IND"]
[SourceTitle "playchess.com"]
[Source "ChessBase"]
[SourceQuality "1"]

{[%evp 9,57,37,49,0,18,0,-2,-14,19,-6,15,-6,0,0,65,64,64,51,55,50,55,78,135,117,212,42,40,38,47,50,29,-18,-12,-25,-15,-39,-25,-89,-43,-84,-91,-86,-74,-74,-58,-55,-37,-41,-10,-12]} 1. b3 e5 2. Bb2 d6 3. e3 f5 4. d4 e4 5. d5 Nf6 6. c4 {A01: Nimzowitsch-Larsen Opening} Nbd7 (6... Be7 7. Nc3 O-O 8. Nge2 Ng4 9. Nd4 Bh4 10. g3 Bf6 11. Be2 Ne5 12. a3 {0-1 (54) Robson,R (2676)-Swiercz,D (2636) Saint Louis 2018}) 7. Ne2 Ne5 {aiming for ...Nd3+.} 8. Nf4 g6 $146 ({Predecessor:} 8... Be7 9. Na3 O-O 10. Nb5 g5 11. Nh3 a6 12. Nd4 Nfg4 13. Qd2 {1-0 (45) Couronne,P (1710)-Blot,D (1987) Montigny le Bretonneux 2004}) 9. h4 Bg7 10. Na3 {[%cal Bb1a3,Ba3b5,Bb5d4,Bd4e6,Be6g5][%mdl 32]} O-O 11. Nb5 Bh6 ({Black should try} 11... Nfg4 $11 12. Qd2 Bf6) 12. Be2 $14 Qe7 13. Nd4 Bd7 14. Qd2 c6 15. Nde6 Rfc8 (15... Bxe6 $142 16. Nxe6 Rfc8) 16. Ng5 $1 $16 Ne8 {[#]} (16... c5 $16 {might work better.}) 17. Rd1 $2 (17. c5 $1 $18 {[%mdl 512]}) 17... c5 $1 $14 18. Nfe6 Bxg5 $1 19. Nxg5 h6 20. f4 (20. Ne6 $5) 20... exf3 $1 21. Nxf3 Ng4 22. Qc3 {Black must now prevent Qh8+.} Ng7 23. Rd3 (23. e4 $1 $11 {remains equal.}) 23... b6 (23... Rf8 {keeps more tension.} 24. O-O Rae8 25. Re1 Kh7 26. b4 Nh5) 24. Qxg7+ Qxg7 25. Bxg7 Kxg7 26. Nd2 Ne5 27. Rc3 Re8 28. O-O a5 29. e4 {[%mdl 32768] Accuracy: White = 55%, Black = 37%. . Loss on time!?} 0-1

[Event "3rd HoliCup Lake City 2019"]
[Site "Udaipur"]
[Date "2019.03.31"]
[Round "8.8"]
[White "Rajesh, V A V"]
[Black "Kadam, Om Manish"]
[Result "1-0"]
[WhiteElo "2413"]
[BlackElo "1920"]
[Annotator "TA"]
[PlyCount "154"]
[EventDate "2019.??.??"]
[EventCountry "IND"]
[SourceTitle "playchess.com"]
[Source "ChessBase"]
[SourceQuality "1"]

{[%evp 22,154,17,0,0,9,46,8,31,32,47,39,61,52,74,73,72,61,97,56,89,41,37,36,75,75,62,58,43,37,85,62,147,147,147,144,179,172,166,166,167,158,177,164,168,162,198,167,160,154,145,122,127,136,149,149,151,150,167,141,168,166,164,156,150,150,150,155,158,141,164,137,145,142,169,164,176,174,172,147,172,164,164,164,171,105,138,120,153,144,145,0,146,129,160,143,154,154,171,154,154,154,208,208,208,208,214,208,210,191,190,187,204,204,277,277,356,277,420,412,351,351,421,408,677,666,1242,1186,1672,1504,29986,29987,29987,29988,29990]} 1. d4 Nf6 2. c4 e6 3. Nc3 d5 4. cxd5 exd5 5. Bg5 Be7 6. e3 c6 7. Bd3 O-O 8. Qc2 Nbd7 {[%cal Bb8d7,Bd7f8,Bf8e6][%mdl 32]} 9. Nge2 Re8 10. O-O Nf8 11. f3 g6 12. Rad1 Ne6 {D36: Queen's Gambit Declined: Exchange Variation: Main line (5 Bg5 c6 6 Qc2)} 13. Bh4 Ng7 (13... b5 14. Bf2 Bb7 15. Nc1 Rc8 16. Nb3 a6 17. Ne2 c5 18. dxc5 Nxc5 19. Nxc5 Bxc5 20. Qd2 {½-½ (59) Wojtaszek,R (2746)-Buhmann,R (2633) Germany 2016}) 14. Bf2 Be6 {The position is equal.} 15. Kh1 Rc8 16. e4 dxe4 17. fxe4 Qa5 $146 ({Predecessor:} 17... Ng4 18. Bg1 Bg5 19. Rf3 Nh6 20. Qb1 {1-0 (78) Schmidt,J (2103)-Froewis,A (1989) Sibenik 2012}) 18. Nf4 Bg4 19. Rde1 Ne6 20. Nxe6 Bxe6 21. Bh4 Qd8 22. e5 Nh5 23. Bxe7 Rxe7 24. Qf2 Rd7 25. Rd1 $36 {[%mdl 2048] Black is under pressure.} Bg4 26. Rd2 Be6 {[#]} (26... Qe7 $14) 27. Be2 $1 $16 Ng7 28. Ne4 Nf5 {[%cal Rd7d4]} 29. Nf6+ {[%mdl 64] Double Attack} Kg7 {[%cal Rd7d4]} 30. Nxd7 Qxd7 31. b3 Ne7 32. Bc4 Nd5 33. Qf3 Rd8 34. Rdf2 {[%cal Bd2f2,Bf2f4,Bf4h4][%mdl 32]} Qe7 35. Bxd5 Rxd5 36. Qe3 Qd8 37. Rf4 Kg8 38. Qf2 {[%cal Rf4f7]} Qd7 39. Qh4 a6 40. Qf2 Kg7 41. Rh4 Qd8 42. Kg1 Kg8 43. Rf4 Qd7 44. Rc1 Qd8 45. Rc3 Kg7 46. Rcf3 {[%cal Rf4f7]} Kg8 47. h3 Rd7 48. Kh2 Bd5 49. Rg3 Be6 50. Qe3 Kg7 51. Rgf3 Bd5 52. Rf2 Be6 53. g3 ({Better is} 53. Rf1 $18) 53... Kg8 54. Rh4 {[#] aiming for Qh6.} Qf8 55. Rd2 Rd5 56. Rf2 Rd7 $1 57. Qg5 Qg7 58. Qf6 Bd5 59. Rhf4 Be6 60. g4 Qxf6 61. exf6 {[%mdl 4096] Endgame KRR-KRB} h6 (61... g5 $16 {might work better.}) 62. h4 $18 Kf8 63. Kg3 Rd5 64. Re4 Ke8 65. Rfe2 Kd7 66. Kf4 h5 67. g5 Rd6 68. Ke3 Kd8 69. Re5 Kc7 (69... b6 $142 70. b4 b5) 70. Kd3 Kd7 71. Kc3 b6 72. a3 c5 (72... a5 $142 73. b4 axb4+ 74. axb4 Rd5) 73. dxc5 Rc6 74. b4 {[%cal Bb3b4,Bb4b5,Bb5b6][%mdl 32]} a5 75. b5 Rxc5+ 76. Rxc5 bxc5 77. b6 Kc6 {Accuracy: White = 56%, Black = 41%.} 1-0

[Event "3rd HoliCup Lake City 2019"]
[Site "Udaipur"]
[Date "2019.03.31"]
[Round "8.9"]
[White "Ranjith, R.K."]
[Black "Sauravh, Khherdekar"]
[Result "0-1"]
[WhiteElo "1790"]
[BlackElo "2272"]
[Annotator "NA"]
[PlyCount "56"]
[EventDate "2019.??.??"]
[EventCountry "IND"]
[SourceTitle "playchess.com"]
[Source "ChessBase"]
[SourceQuality "1"]
[TimeControl "5400+30"]

1. e4 {[%emt 0:00:00]} e6 {[%emt 0:00:00]} 2. d4 {[%emt 0:00:00]} d5 {[%emt 0:00:00]} 3. Nd2 {[%emt 0:00:00]} a6 {[%emt 0:00:08]} 4. Bd3 {[%emt 0:01:31]} c5 {[%emt 0:00:13]} 5. c3 {[%emt 0:00:28]} cxd4 {[%emt 0:00:25]} 6. cxd4 {[%emt 0:01:44]} dxe4 {[%emt 0:00:18]} 7. Nxe4 {[%emt 0:00:13]} Bb4+ {[%emt 0:00:20]} 8. Nc3 {[%emt 0:00:53]} Nf6 {[%emt 0:00:14]} 9. Nf3 {[%emt 0:12:29]} O-O {[%emt 0:00:27]} 10. O-O {[%emt 0:00:04]} Nc6 {[%emt 0:00:04]} 11. a3 {[%emt 0:02:12]} Be7 {[%emt 0:00:08]} 12. Bc2 {[%emt 0:01:09] LiveBook: 42 Games} b5 {[%emt 0:00:54]} 13. Qd3 {[%emt 0:01:06]} Bb7 {[%emt 0:00:30]} 14. Bg5 {[%emt 0:01:58]} g6 {[%emt 0:00:07] D27: Queen's Gambit Accepted: Classical main line: 7 e4!? and 7 a4} 15. Rfd1 {[%emt 0:01:34]} (15. Rad1 Rc8 16. Rfe1 Na5 17. Bh6 Re8 18. Ne5 Nc4 19. Qe2 Qb6 20. Bb3 Nd5 21. Bxc4 bxc4 22. Na4 {0-1 (34) Graf,A (2576)-Babula,V (2556) Germany 2017}) 15... Nd5 {[%emt 0:02:03]} 16. Ne4 $146 {[%emt 0:03:36]} ({Predecessor:} 16. Bxe7 Ncxe7 17. Ne4 Nf5 18. Nc5 Qc7 19. g3 Rac8 {½-½ (50) Frischmann,R (1906)-Mueller,T (2064) Stuttgart 2010}) 16... Bxg5 {[%emt 0:02:10]} 17. Nfxg5 {[%emt 0:07:25]} Qe7 {[%emt 0:01:27]} 18. Qh3 {[%emt 0:18:34]} f5 {[%emt 0:00:39]} 19. Nc5 {[%emt 0:22:22]} Qxg5 {[%emt 0:00:49]} 20. Nxb7 {[%emt 0:00:58]} Qf6 {[%emt 0:00:55]} 21. Nc5 {[%emt 0:00:55]} Nxd4 {[%emt 0:00:50]} 22. Rxd4 {[%emt 0:00:25]} Qxd4 {[%emt 0:00:07]} 23. Nxe6 {[%emt 0:00:04]} Qxb2 {[%emt 0:00:23]} 24. Re1 {[%emt 0:04:11]} Qxc2 {[%emt 0:00:31]} 25. Qh6 {[%emt 0:00:41]} Qc3 {[%emt 0:00:22]} 26. Rc1 {[%emt 0:01:04]} Qe5 {[%emt 0:00:49]} 27. Ng5 {[%emt 0:02:45]} Ra7 $19 {[%emt 0:00:21]} 28. h4 {[%emt 0:00:26]} Qg7 {[%emt 0:00:47]} 0-1

[Event "3rd HoliCup Lake City 2019"]
[Site "Udaipur"]
[Date "2019.03.31"]
[Round "8.10"]
[White "Chandrajeet, Singh Rajawat"]
[Black "Joshi, Govind Ballabh"]
[Result "0-1"]
[WhiteElo "1760"]
[BlackElo "2128"]
[Annotator "NA"]
[PlyCount "46"]
[EventDate "2019.??.??"]
[EventCountry "IND"]
[SourceTitle "playchess.com"]
[Source "ChessBase"]
[SourceQuality "1"]
[TimeControl "5400+30"]

1. d4 {[%emt 0:00:00]} d5 {[%emt 0:02:30]} 2. Bf4 {[%emt 0:00:00]} Nf6 {[%emt 0:00:45]} 3. e3 {[%emt 0:00:00]} e6 {[%emt 0:00:33]} 4. Nd2 {[%emt 0:00:00]} c5 {[%emt 0:00:19]} 5. c3 {[%emt 0:00:00]} Nc6 {[%emt 0:00:36]} 6. Ngf3 {[%emt 0:00:21]} cxd4 {[%emt 0:02:37]} 7. exd4 {[%emt 0:00:08]} Nh5 {[%emt 0:00:15]} 8. Be3 {[%emt 0:09:41]} Bd6 {[%emt 0:00:56]} 9. Ne5 {[%emt 0:01:51]} g6 $11 {[%emt 0:01:28] LiveBook: 112 Games} 10. Ndf3 {[%emt 0:16:58]} f6 {[%emt 0:09:37]} 11. Nxc6 {[%emt 0:03:31]} bxc6 {[%emt 0:00:07]} 12. Qd2 {[%emt 0:06:04]} O-O {[%emt 0:04:00]} 13. Be2 {[%emt 0:02:07]} Qc7 {[%emt 0:03:06]} 14. O-O {[%emt 0:00:30]} Nf4 {[%emt 0:02:45]} 15. Rfe1 {[%emt 0:02:33]} Nxe2+ {[%emt 0:00:35]} 16. Qxe2 {[%emt 0:00:15]} g5 {[%emt 0:01:10]} 17. h3 {[%emt 0:02:07]} Qg7 {[%emt 0:13:06]} 18. Nh2 {[%emt 0:07:55]} Bd7 {[%emt 0:01:11]} 19. Qd2 {[%emt 0:01:34]} Rf7 {[%emt 0:04:29]} 20. f4 {[%emt 0:01:36]} h6 {[%emt 0:02:46]} 21. Re2 {[%emt 0:01:21]} Qg6 {[%emt 0:04:23]} 22. Rf1 {[%emt 0:01:53]} Raf8 {[%emt 0:00:30]} 23. Ref2 {[%emt 0:00:30]} Kh7 {[%emt 0:00:30]} 0-1

[Event "3rd HoliCup Lake City 2019"]
[Site "Udaipur"]
[Date "2019.03.31"]
[Round "8.11"]
[White "Atri, Chattopadhyay"]
[Black "Dahale, Atul"]
[Result "1/2-1/2"]
[WhiteElo "1743"]
[BlackElo "2102"]
[Annotator "NA"]
[PlyCount "38"]
[EventDate "2019.??.??"]
[EventCountry "IND"]
[SourceTitle "playchess.com"]
[Source "ChessBase"]
[SourceQuality "1"]
[TimeControl "5400+30"]

1. e4 {[%emt 0:00:00]} c5 {[%emt 0:00:00]} 2. c3 {[%emt 0:00:00]} Qa5 {[%emt 0:00:00]} 3. Nf3 {[%emt 0:00:05]} d6 {[%emt 0:00:40]} 4. Na3 {[%emt 0:00:16]} Nf6 {[%emt 0:00:24]} 5. Nc4 {[%emt 0:00:56]} Qc7 {[%emt 0:00:09]} 6. e5 {[%emt 0:01:22]} dxe5 {[%emt 0:01:07]} 7. Ncxe5 {[%emt 0:00:06]} Nbd7 {[%emt 0:01:15]} 8. d4 {[%emt 0:02:27]} e6 {[%emt 0:00:11]} 9. Bf4 {[%emt 0:08:54]} Bd6 {[%emt 0:02:11]} 10. Nxd7 {[%emt 0:02:43]} Bxd7 {[%emt 0:03:44]} 11. Bxd6 {[%emt 0:00:09]} Qxd6 {[%emt 0:00:07]} 12. dxc5 {[%emt 0:00:20]} Qxc5 {[%emt 0:00:17]} 13. Qd4 {[%emt 0:00:35]} Qxd4 {[%emt 0:00:36]} 14. Nxd4 {[%emt 0:00:06]} a6 {[%emt 0:00:06]} 15. Be2 $11 {[%emt 0:00:51]} O-O {[%emt 0:03:04]} 16. Nf3 {[%emt 0:04:07]} Nd5 {[%emt 0:04:55]} 17. Ne5 {[%emt 0:01:41]} Rfd8 {[%emt 0:03:44]} 18. O-O-O {[%emt 0:01:24]} Ba4 {[%emt 0:01:24]} 19. Rd4 {[%emt 0:01:26]} Be8 {[%emt 0:09:05]} 1/2-1/2